Mazurek no. 3 na skrypce z fortepianem /

Main Author: Statkowski, Roman, 1859-1925
Other Authors: Dubiska, Irena, 1899-1989
Language: No linguistic content
Published: Kraków : Polskie Wydawnictwo Muzyczne, 1947
Physical Description: 8, 3 s.
Musical Score Musical Score
Saved in:
LEADER 00779ncm a22002172a 4500
001 001108329
003 CZ BrMZK
005 20110517130626.0
007 qu
008 990305s1947 pl f zxx d
040 |a BOA001  |b cze 
072 7 |a 787  |x Hudba pro strunné a smyčcové nástroje  |2 Konspekt  |9 9 
100 1 |a Statkowski, Roman,  |d 1859-1925  |7 xx0024697  |4 cmp 
245 1 0 |a Mazurek no. 3  |h [hudebnina] :  |b na skrypce z fortepianem /  |c Roman Statkowski ; oprac. I Dubiska 
260 |a Kraków :  |b Polskie Wydawnictwo Muzyczne,  |c 1947 
300 |a 8, 3 s. 
700 1 |a Dubiska, Irena,  |d 1899-1989  |7 xx0034701  |4 edt 
910 |a BOA001  |b Mus4-0247.094 
990 |a MU 
991 |b 201007 
996 6 |b 2619499141  |c Mus4-0247.094  |l MZK  |r Sklad / do 1 hodiny  |n 0  |w 001135614  |u 000010  |a 1  |e BOA001  |j MZK50  |s P